Southville International School and Colleges
Your cart is empty.
  • Cart
  • Lists
    Public lists Eva Luna New books Lux_list list_1
    Your lists Log in to create your own lists
  • Log in to your account
  • Your cookies
  • Search history
Southville International School and Colleges
  • Advanced search
  • Recent comments
  • Most popular
  • Libraries

Log in to your account

Log in with GOOGLE


If you do not have an external account, but do have a local account, you can still log in:

  1. Home
  2. MARC view: Making your money work :
Normal view MARC view ISBD view

Making your money work : (Record no. 115841)

[ view plain ]
MARC details
000 -LEADER
fixed length control field 00711nam a22002417a 4500
003 - CONTROL NUMBER IDENTIFIER
control field OSt
005 - DATE AND TIME OF LATEST TRANSACTION
control field 20140507150024.0
008 - FIXED-LENGTH DATA ELEMENTS--GENERAL INFORMATION
fixed length control field 140507b xxu||||| |||| 00| 0 eng d
020 ## - INTERNATIONAL STANDARD BOOK NUMBER
International Standard Book Number 9719299509
050 ## - LIBRARY OF CONGRESS CALL NUMBER
Classification number HB 615
Item number .C683 2004
100 ## - MAIN ENTRY--PERSONAL NAME
Personal name Colayco, Francisco J.
245 ## - TITLE STATEMENT
Title Making your money work :
Remainder of title pera mo, palaguin mo!. /
Statement of responsibility, etc Francisco J. Colayco.
260 ## - PUBLICATION, DISTRIBUTION, ETC. (IMPRINT)
Place of publication, distribution, etc Philippines :
Name of publisher, distributor, etc Colayco Foundation for Education, Inc,
Date of publication, distribution, etc c2004.
300 ## - PHYSICAL DESCRIPTION
Extent 231 p. :
Other physical details ill. ;
Dimensions 22 cm.
521 ## - TARGET AUDIENCE NOTE
Target audience note
650 ## - SUBJECT ADDED ENTRY--TOPICAL TERM
Topical term or geographic name as entry element Entrepreneur books.
650 ## - SUBJECT ADDED ENTRY--TOPICAL TERM
Topical term or geographic name as entry element Fundamentals of investments.
650 ## - SUBJECT ADDED ENTRY--TOPICAL TERM
Topical term or geographic name as entry element Fundamentals of finance.
942 ## - ADDED ENTRY ELEMENTS (KOHA)
Source of classification or shelving scheme Library of Congress Classification
Koha item type Books
Call number prefix Filipininana
Holdings
Withdrawn status Lost status Source of classification or shelving scheme Damaged status Home library Current library Shelving location Date acquired Total Checkouts Total Renewals Full call number Barcode Checked out Date last seen Date checked out Copy number Price effective from Koha item type Source of acquisition
    Library of Congress Classification   Archives Archives   05/07/2014 1   HG 179 .C65 2007 C8822   05/08/2018 07/08/2014 3 05/07/2014 Books Donation
    Library of Congress Classification   College Library College Library Filipiniana Section 05/07/2014 2 1 HB 615 .C683 2004 C9545 05/28/2018 05/08/2018 05/08/2018 1 05/07/2014 Books  
    Library of Congress Classification   College Library College Library Filipiniana Section 05/07/2014 4 5 HG 179 .C64 2007 C9546 05/28/2018 05/08/2018 05/08/2018 2 05/07/2014 Books Library Fund

Making your money work :

APA

Colayco F. J., . (2004). Making your money work. Philippines: Colayco Foundation for Education, Inc.

Chicago

Colayco Francisco J, . 2004. Making your money work. Philippines: Colayco Foundation for Education, Inc.

Harvard

Colayco F. J., . (2004). Making your money work. Philippines: Colayco Foundation for Education, Inc.

MLA

Colayco Francisco J, . Making your money work. Philippines: Colayco Foundation for Education, Inc. 2004.

  • Place hold
  • Print
  • Cite
  • Add to your cart (remove)
  • Save record
    BIBTEX Dublin Core MARCXML MARC (non-Unicode/MARC-8) MARC (Unicode/UTF-8) MARC (Unicode/UTF-8, Standard) MODS (XML) RIS
  • More searches
    Search for this title in:
    Other Libraries (WorldCat) Other Databases (Google Scholar) Online Stores (Bookfinder.com) Open Library (openlibrary.org)

Exporting to Dublin Core...

SOUTHVILLE LIBRARY

Southville International School and Colleges Library

1281 Tropical Ave. Cor. Luxembourg St., BF Homes International, Las Pinas City

Tel. No. 8256374 / 252358 Loc. 117/146

Powered by Koha